• 首页
  • 本馆介绍
  • 公告通知
  • 最新文献
  • 馆藏检索
  • 电子资源
  • 读者导购
  • 参考咨询
  • 我的图书馆
  • 登录
  • 详细信息显示
  • 放入我的书架
  • 预约/预借图书
  • 作者相关作品
  • 分类相关作品
  • 丛书相关作品
  • 出版社相关作品

书目信息

  • 表格格式
  • 工作单格式
  • 卡片格式
题名:
中国天眼
    
 
作者: 农清华 著
分册:  
出版信息: 石家庄   河北科学技术出版社  2020.04
页数: 216页
开本: 24cm
丛书名: 中国科技的梦想与荣光
单 册:
中图分类: TN16
科图分类:
主题词: 射电望远镜--she dian wang yuan jing--介绍--中国
电子资源:
ISBN: 978-7-5717-0055-3
000 00998nam 2200253 450
001 0109110149
005 20201109110337.0
010    @a978-7-5717-0055-3@b精装@dCNY35.00
100    @a20190731d2020 em y0chiy0110 ea
101 0  @achi
102    @aCN@b130000
105    @ay z 000yy
106    @ar
200 1  @a中国天眼@Azhong guo tian yan@f农清华著
210    @a石家庄@c河北科学技术出版社@d2020.04
215    @a216页@d24cm
225 2  @a中国科技的梦想与荣光@Azhong guo ke ji de meng xiang yu rong guang
330    @a本书讲述的是具有独立自主知识产权的中国天眼,是世界上已经建造完成的口径最大、最具威力的射电望远镜。本书以图文并茂的形式为读者朋友介绍了中国天眼这一宇宙探索最前沿利器,讲述了中国科学家研制和建造中国天眼的历程。《中国科技的梦想与荣光》丛书。
461  0 @12001 @a中国科技的梦想与荣光
606 0  @a射电望远镜@Ashe dian wang yuan jing@x介绍@y中国
690    @aTN16@v5
701  0 @a农清华@Anong qing hua@4著
801  0 @aCN@bBJSZM@c20201103
905    @b1213849-50@dTN16@e24@f2
    
    中国天眼/农清华著.-石家庄:河北科学技术出版社,2020.04
    216页;24cm.-(中国科技的梦想与荣光)
    
    
    ISBN 978-7-5717-0055-3(精装):CNY35.00
    本书讲述的是具有独立自主知识产权的中国天眼,是世界上已经建造完成的口径最大、最具威力的射电望远镜。本书以图文并茂的形式为读者朋友介绍了中国天眼这一宇宙探索最前沿利器,讲述了中国科学家研制和建造中国天眼的历程。《中国科技的梦想与荣光》丛书。
●
相关链接 在E读中查询图书 在五车中查询图书 在当当中查询图书 在豆瓣中查询图书


正题名:中国天眼     索取号:TN16/24         预约/预借

序号 登录号 条形码 馆藏地/架位号 状态 备注
1 1213849   212138499   第二样本阅览室/ [索取号:TN16/24] 在馆    
2 1213850   212138505   第三借阅区/ [索取号:TN16/24] 在馆    
唐山师范学院图书馆 欢迎您!
大连网信软件有限公司© 版权所有